000 00436nam a22001697a 4500
003 CEME
005 20210628204024.0
008 210105b xxu||||| |||| 00| 0 eng d
020 _a0792391330
040 _cceme
082 _a621.89 HEL
100 _aHelouvry, Brian Armstrong
_968299
245 _aControl of machines with friction
260 _aLONDON
_bKLUWER ACADEMIC PUBLISHERS
_c1991
300 _aXI, 173P
942 _cBK
_2ddc
999 _c575902
_d575902